Forme longue des noms des pays d'Afrique par drapeau / Partie 2 - Statistiques

Statistiques générales
  • Ce quiz a été pris 12 fois
  • Le résultat moyen est 9 sur 16
Statistiques - réponses
Par images Réponse % Correct
République du Liberia
90%
République du Mali
90%
République de Guinée
80%
République de Guinée Equatoriale
80%
République du Kenya
80%
République du Malawi
80%
République de gambie
70%
République de Guinée-Bissau
70%
République du Ghana
70%
Royaume du Lesotho
70%
République de Madagascar
30%
République gabonaise
30%
Etat de Libye
10%
Etat d'Erythrée
10%
République Fédérale Démocratique d'Ethiopie
10%
Royaume de l'Eswatini
10%
Aucun quiz correspondant
Distribution des résultats
% des personnes avec chaque résultat
Percentile par nombre de réponses
Votre historique - résultats
Vous n’avez pas pris ce quiz